[Event "GM"]
[Site "Biel SUI"]
[Date "2009.07.28"]
[Round "8"]
[White "Morozevich,A"]
[Black "Vachier Lagrave,M"]
[Result "0-1"]
[WhiteElo "2751"]
[BlackElo "2703"]

1.e4 c5 2.Nf3 d6 3.d4 cxd4 4.Nxd4 Nf6 5.Nc3 a6 6.f3 e6 7.Be3 b5 8.Qd2 Nbd7
9.g4 h6 10.O-O-O b4 11.Nce2 Qc7 12.h4 d5 13.Nf4 e5 14.Nfe6 fxe6 15.Nxe6 Qa5
16.exd5 Qxa2 17.Qd3 Kf7 18.g5 Nxd5 19.Bh3 Nxe3 20.Nd8+ Ke7 21.Nc6+ Kf7 22.g6+ Kg8
23.Qxe3 Bc5 24.Qe4 Nf8 25.Rd8 Bb7 26.Rxa8 Bxa8 27.h5 Rh7 28.Re1 Bxc6 29.Qxc6 Bd4
30.Kd2 Qxb2 31.Qc4+ Kh8 32.Kd3 a5 33.Qc8 Qa3+ 34.Ke4 b3 35.cxb3 a4 36.Rb1 Qb4
37.Qc4 Qb7+ 38.Qd5 Qb4 39.Qc4 Qd2 40.Bg4 a3 41.Qf7 Qc2+ 42.Kd5 Qc5+ 43.Ke4 a2
44.Rc1 a1=Q 45.Rxc5 Bxc5 46.Qd5 Qe1+ 47.Kd3 Qd1+ 48.Kc4 Qxd5+ 49.Kxd5 Ba3
50.Bf5 Kg8 51.Kxe5 Rh8 52.Kd5 Nh7 53.gxh7+ Kf7 54.Bg6+ Kf6 55.f4 Bc1 56.f5 Bd2
57.Kd6 Be1 58.Kd7 Bb4 59.Kc7 Ke5 60.Kd7 Ba3 61.Kc6 Kd4 62.Kc7 Kc3 63.Kd7 Kb4
64.Kd6 Kxb3+ 65.Kd5 Bb2 66.Kd6 Bf6 67.Kc5 Kc3 68.Kd6 Kd4 69.Kc6 Rd8 70.Kb6 Kd5
71.Kc7 Kc5 72.Bf7 g5 73.fxg6 Rd6 74.Be8 Be5 75.Kb7 Rb6+ 76.Kc8 Kd6  0-1

[Event "GM"]
[Site "Biel SUI"]
[Date "2009.07.29"]
[Round "9"]
[White "Ivanchuk,V"]
[Black "Morozevich,A"]
[Result "0-1"]
[WhiteElo "2703"]
[BlackElo "2751"]

1.Nf3 d5 2.d4 Nf6 3.c4 e6 4.Nc3 dxc4 5.e3 a6 6.a4 b6 7.Bxc4 Bb7 8.O-O Bb4
9.Qb3 Nc6 10.Rd1 Bd6 11.Qc2 Nb4 12.Qe2 Ne4 13.Nxe4 Bxe4 14.Bd2 Bxf3 15.Qxf3 O-O
16.a5 c6 17.axb6 Qxb6 18.h4 a5 19.h5 Be7 20.Rdc1 Rfc8 21.b3 h6 22.Ra4 Nd5
23.e4 Bb4 24.exd5 Bxd2 25.dxe6 Bxc1 26.Qxf7+ Kh8 27.Bd3 Qd8 28.Qg6 Qg8 29.Rc4 Ba3
30.g3 Be7 31.d5 cxd5 32.Rf4 Bd6 33.Rf7 Rc7 34.Rd7 Be5 35.Qf5 Rxd7 36.exd7 Bc7
37.Bb5 Rf8 38.Qg6 Qf7  0-1

[Event "GM"]
[Site "Biel SUI"]
[Date "2009.07.30"]
[Round "10"]
[White "Morozevich,A"]
[Black "Caruana,F"]
[Result "1/2-1/2"]
[WhiteElo "2751"]
[BlackElo "2670"]

1.d4 d5 2.c4 c6 3.Nc3 Nf6 4.e3 g6 5.Nf3 Bg7 6.h3 O-O 7.Be2 e6 8.O-O Nbd7
9.cxd5 exd5 10.b4 Ne4 11.Nxe4 dxe4 12.Nd2 Re8 13.Qc2 Qh4 14.Rb1 Nf6 15.b5 Qg5
16.Kh1 Qh4 17.Kg1 Qg5 18.Kh1 Qh4  1/2-1/2

[Event "Jubilee Open"]
[Site "Zuerich SUI"]
[Date "2009.08.09"]
[Round "1"]
[White "Jadrijevic,A"]
[Black "Morozevich,A"]
[Result "0-1"]
[WhiteElo "2249"]
[BlackElo "2751"]

1.d4 Nf6 2.c3 d5 3.Nf3 g6 4.Bf4 Bg7 5.Nbd2 c5 6.dxc5 Nc6 7.e3 O-O 8.h3 Ne8
9.Be2 Nc7 10.Nb3 e5 11.Bh2 a5 12.a4 Qe7 13.Bb5 Rd8 14.O-O f6 15.Qe2 Na6 16.Bxc6 bxc6
17.Nxa5 Qe6 18.b4 Nxc5 19.Rfd1 Bf8 20.Nd2 Ba6 21.Qg4 f5 22.Qg3 Nd7 23.Nf3 Re8
24.h4 Be2 25.Ng5 Qf6 26.Rd2 Bh5 27.Nb3 h6 28.Nh3 Qf7 29.Rb2 Nb6 30.a5 Nc4
31.Rc2 Nd6 32.Nc5 f4 33.exf4 Nf5 34.Qd3 e4 35.Qf1 Bg4 36.Bg3 Bxh3 37.gxh3 Bxc5
38.bxc5 Qe7 39.Qd1 h5 40.a6 Qxc5 41.Kh2 Ra7 42.Qb1 e3 43.f3 e2 44.Be1 Qe3
45.Kg2 Qxf4 46.Bf2 Ne3+ 47.Kg1 Qxf3  0-1

[Event "Jubilee Open"]
[Site "Zuerich SUI"]
[Date "2009.08.10"]
[Round "2"]
[White "Morozevich,A"]
[Black "Moor,O"]
[Result "1-0"]
[WhiteElo "2751"]
[BlackElo "2404"]

1.e4 e6 2.d4 d5 3.Nc3 Nf6 4.Bg5 dxe4 5.Nxe4 Be7 6.Bxf6 gxf6 7.Nf3 f5 8.Nc3 a6
9.g3 b5 10.Bg2 Bb7 11.O-O O-O 12.Ne5 Bxg2 13.Kxg2 b4 14.Na4 Qd5+ 15.Kg1 Nc6
16.Re1 Nxe5 17.dxe5 Qc6 18.b3 Rfd8 19.Qe2 Rd4 20.Nb2 Re4 21.Qd2 Rd8 22.Nd3 Kg7
23.Re2 Rxe2 24.Qxe2 Qc3 25.Rb1 Rd4 26.Rd1 c5 27.Qd2 Qxd2 28.Rxd2 c4 29.bxc4 Rxc4
30.Kf1 Bg5 31.f4 Be7 32.Ke2 Rc3 33.Nc1 Bc5 34.Kd1 a5 35.Rd3 Rc4 36.Nb3 Bb6
37.Rd6 Bg1 38.Nxa5 Rc3 39.Rd2 Ra3 40.Nb3 Rxa2 41.Ke2 Ra8 42.Rd1 Bb6 43.Rd6 Bd8
44.Nd4 Rc8 45.Rc6 Ra8 46.Rc4 Be7 47.Nc6 Bf8 48.Nxb4 Ra4 49.c3 h5 50.Ke3 Kg6
51.Kd4 h4 52.gxh4 Kh5 53.Nd3 Ra7 54.Rc8 Be7 55.c4 Kxh4 56.c5 Kh3 57.c6 Kxh2
58.c7  1-0

[Event "Jubilee Open"]
[Site "Zuerich SUI"]
[Date "2009.08.11"]
[Round "4"]
[White "Morozevich,A"]
[Black "Gopal,G"]
[Result "1/2-1/2"]
[WhiteElo "2751"]
[BlackElo "2575"]

1.e4 c5 2.Nf3 d6 3.d4 cxd4 4.Nxd4 Nf6 5.Nc3 a6 6.Be3 e5 7.Nf3 Be7 8.Bc4 O-O
9.O-O Nc6 10.a3 Be6 11.Ba2 Rc8 12.Bg5 Nd7 13.Bxe7 Qxe7 14.Nd5 Qd8 15.Qe2 Ne7
16.Nxe7+  1/2-1/2

[Event "Jubilee Open"]
[Site "Zuerich SUI"]
[Date "2009.08.13"]
[Round "7"]
[White "Morozevich,A"]
[Black "Mikhalevski,V"]
[Result "1/2-1/2"]
[WhiteElo "2751"]
[BlackElo "2631"]

1.e4 e5 2.Nf3 Nc6 3.d4 exd4 4.Nxd4 Nf6 5.Nxc6 bxc6 6.e5 Qe7 7.Qe2 Nd5 8.c4 Ba6
9.b3 g5 10.g3 O-O-O 11.Bb2 Bg7 12.Bg2 Rde8 13.O-O Bxe5 14.Qxe5 Qxe5 15.Bxe5 Rxe5
16.cxd5 Bxf1 17.Kxf1 cxd5 18.Nc3 c6 19.Rc1 Kd8 20.Ne2 g4 21.f3 h5 22.Kf2 Rhe8
23.Rc2 Kc7 24.h4 gxh3 25.Bxh3 h4 26.g4 a5 27.Bf1 Rb8 28.Nf4 Kd6 29.Nd3 Re7
30.Rc1 f6 31.Rd1 Kc7 32.Nc5 Rh8 33.Bd3 h3 34.Bf5 h2 35.Rh1 Kd6 36.Nd3 a4
37.Nf4 axb3 38.axb3 Ree8 39.Nh5 Rb8 40.Bc2 f5 41.Rxh2 fxg4 42.fxg4 c5 43.Kg3 Ra8
44.Rd2 d4 45.Bd1 Ra1 46.Rd3 Re8 47.Bf3 Rg1+ 48.Kf2 Rb1 49.Nf6 Re3 50.Rxe3 dxe3+
51.Kxe3 Rxb3+ 52.Kf4 c4 53.g5 c3 54.Ne4+ Ke7 55.Bd1 Ra3 56.Nf6 Ra1 57.Nd5+ Kf8
58.Bc2 Rf1+ 59.Ke3 Rg1 60.Nf6 Kg7 61.Ne4 d5 62.Nxc3 Rxg5 63.Kd4 Kf6 64.Nxd5+ Rxd5+
65.Kxd5  1/2-1/2

[Event "Jubilee Open"]
[Site "Zuerich SUI"]
[Date "2009.08.15"]
[Round "9"]
[White "Morozevich,A"]
[Black "Avrukh,B"]
[Result "0-1"]
[WhiteElo "2751"]
[BlackElo "2641"]

1.d4 d5 2.c4 dxc4 3.e4 Nf6 4.e5 Nd5 5.Bxc4 Nb6 6.Bd3 Nc6 7.Ne2 Be6 8.Nbc3 Bc4
9.Bxc4 Nxc4 10.O-O e6 11.Qb3 Nb6 12.Rd1 Nb4 13.a3 N4d5 14.Ne4 Qd7 15.Bg5 h6
16.Bd2 a5 17.a4 Nb4 18.Nc5 Qd5 19.Qg3 O-O-O 20.Bxb4 axb4 21.Nf4 Qc6 22.a5 Nc4
23.Nb3 g5 24.Nd3 Qd5 25.Rdc1 Kb8 26.a6 b6 27.Qf3 g4 28.Qe2 b5 29.Nf4 Qd7
30.Na5 Nxa5 31.Rxa5 c6 32.a7+ Ka8 33.Ra6 c5 34.g3 Qb7 35.Rca1 Rxd4 36.b3 Be7
37.R6a5 c4 38.Qxg4 Rhd8 39.h4 Rd2 40.Nh3 c3 41.Rf1 c2 42.Raa1 Bc5 43.Rac1 Qd5
44.Qf4 Qxb3 45.Kh2 Qc4 46.Qf3+ Qd5 47.Qxf7 b3 48.Nf4 Qb7 49.Qg6 Bxf2 50.Kh3 Rc8
51.Nd3 Bd4 52.Nb4 b2 53.Rxc2 Qg2+ 54.Kg4 Rdxc2 55.Nxc2 Qe2+  0-1

[Event "17th TCh-Eur"]
[Site "Novi Sad SRB"]
[Date "2009.10.22"]
[Round "1"]
[White "Morozevich,A"]
[Black "Kozul,Z"]
[Result "1-0"]
[WhiteElo "2750"]
[BlackElo "2588"]

1.e4 c5 2.Nf3 d6 3.d4 cxd4 4.Nxd4 Nf6 5.Nc3 Nc6 6.Be2 e5 7.Nf3 h6 8.O-O Be7
9.Re1 O-O 10.Bf1 Bg4 11.h3 Bh5 12.Be3 Rc8 13.a3 Kh8 14.Rc1 a6 15.g4 Bg6 16.Nh4 Bxe4
17.Nxe4 Nxe4 18.Nf5 Bg5 19.Bg2 Bxe3 20.fxe3 Nf6 21.Nxd6 Rc7 22.c4 Rd7 23.c5 Ne8
24.Rc2 Nxd6 25.Rd2 Qa5 26.Rxd6 Rxd6 27.cxd6 Rd8 28.Rf1 f6 29.g5 fxg5 30.Qb3 Qc5
31.Qxb7 e4 32.Kh1 Qxd6 33.Qxa6 Qc5 34.b4 Qc2 35.Qb5 Ne7 36.Qe5 Nd5 37.Qd4 Qc7
38.Rd1 Rd7 39.Qc5 Qd8 40.Bxe4 Nf6 41.Rxd7 Qxd7 42.Qf8+ Ng8 43.Bg2 Qd1+ 44.Kh2 Qa1
45.Qb8 Qb2 46.b5 Kh7 47.b6 Ne7 48.b7 Nf5 49.Qe8 Nh4 50.Qe4+ g6 51.a4 h5 52.a5 Nf5
53.a6  1-0

[Event "Tal Memorial"]
[Site "Moscow RUS"]
[Date "2009.11.11"]
[Round "6"]
[White "Morozevich,A"]
[Black "Ivanchuk,V"]
[Result "0-1"]
[WhiteElo "2750"]
[BlackElo "2739"]

1.d4 Nf6 2.c4 g6 3.f3 c5 4.d5 Bg7 5.e4 d6 6.Nc3 O-O 7.Nge2 e6 8.Ng3 Na6 9.Be2 exd5
10.cxd5 Nc7 11.a4 a6 12.Bg5 Bd7 13.h4 b5 14.h5 h6 15.Be3 b4 16.Nb1 g5 17.Bf2 Nfe8
18.Ra2 f5 19.b3 fxe4 20.Nxe4 Bf5 21.Ng3 Kh8 22.Bc4 Bh7 23.O-O Nf6 24.Re2 Qd7
25.Rfe1 Rae8 26.Rxe8 Rxe8 27.Rxe8+ Qxe8 28.Nd2 Nfxd5 29.Nde4 Qc6 30.Bd3 Nf4
31.Bc2 Nce6 32.Nd2 Nd3 33.Nge4 Nef4 34.g3 Nh3+ 35.Kg2 Nhxf2 36.Nxf2 Nxf2
37.Kxf2 Bg8 38.Qe2 d5 39.Qe7 Bd4+ 40.Kf1 Qe6 41.Qf8 Qh3+ 42.Ke2 Qg2+ 43.Kd1 Qg1+
44.Ke2 Qf2+ 45.Kd1 Bg7 46.Qd6 a5 47.Qb6 Qg1+ 48.Ke2 Qg2+ 49.Kd1 c4  0-1

[Event "Tal Memorial"]
[Site "Moscow RUS"]
[Date "2009.11.14"]
[Round "9"]
[White "Ponomariov,R"]
[Black "Morozevich,A"]
[Result "1-0"]
[WhiteElo "2739"]
[BlackElo "2750"]

1.d4 Nf6 2.c4 e6 3.Nf3 d5 4.g3 dxc4 5.Bg2 a6 6.O-O Nc6 7.Bg5 Be7 8.e3 O-O
9.Nbd2 e5 10.Nxc4 exd4 11.Nxd4 Nxd4 12.Qxd4 Qxd4 13.exd4 Rd8 14.Rfd1 Bg4
15.Re1 Bb4 16.Rec1 Rab8 17.a3 Bf8 18.Ne3 Rxd4 19.Rxc7 Be2 20.Rxb7 Rxb7 21.Bxb7 Nd7
22.Nf5 Ra4 23.Re1 Bb5 24.Re8 h6 25.Be7 g6 26.b3 Ra5 27.Bb4  1-0

[Event "World Blitz"]
[Site "Moscow RUS"]
[Date "2009.11.16"]
[Round "1"]
[White "Morozevich,A"]
[Black "Tkachiev,V"]
[Result "1-0"]
[WhiteElo "2750"]
[BlackElo "2642"]

1.g3 Nf6 2.Bg2 d5 3.d3 c5 4.c4 e6 5.Nf3 Be7 6.O-O Nc6 7.Nc3 O-O 8.e3 b6 9.b3 Bb7
10.Bb2 Qd7 11.Qe2 Rad8 12.Rfd1 Rfe8 13.a3 d4 14.exd4 Nxd4 15.Nxd4 cxd4 16.Ne4 Nxe4
17.Bxe4 Bxe4 18.Qxe4 f5 19.Qf3 e5 20.Re1 a5 21.Rxe5 Bc5 22.Rxf5 Qe6 23.b4 axb4
24.axb4 Bxb4 25.Ra7 Qe2 26.Rxg7+ Kxg7 27.Rg5+  1-0

[Event "World Blitz"]
[Site "Moscow RUS"]
[Date "2009.11.16"]
[Round "3"]
[White "Morozevich,A"]
[Black "Karjakin,Sergey"]
[Result "0-1"]
[WhiteElo "2750"]
[BlackElo "2723"]

1.e4 e5 2.Bc4 Nf6 3.d3 Nc6 4.a3 Be7 5.Nc3 O-O 6.f4 d6 7.f5 Nd4 8.Nf3 c6 9.Ba2 d5
10.O-O Re8 11.Kh1 Bc5 12.Bg5 h6 13.Bxf6 Qxf6 14.exd5 Nxf5 15.Ne4 Qe7 16.dxc6 bxc6
17.Nxc5 Qxc5 18.Nh4 Nd6 19.b4 Qc3 20.Nf3 Be6 21.Bxe6 Rxe6 22.Ng1 Qd4 23.Ne2 Qe3
24.Ng3 a5 25.Re1 Qd4 26.Rb1 axb4 27.Rxb4 Qc5 28.Qc1 f5 29.Qb2 f4 30.Ne4 Nxe4
31.Rbxe4 f3 32.c4 Rxa3 33.d4 Qa5 34.gxf3 Ra2 35.Qc1 Qd8 36.dxe5 Rg6 37.R4e2 Rxe2
38.Rxe2 Qd3 39.Qe3 Qxc4 40.e6 Kf8 41.e7+ Ke8 42.h3 Qd5 43.Kh2 Qd6+ 44.f4 Rf6
45.Kg3 g5 46.Qb3 Qxf4+ 47.Kg2 Qf1+  0-1

[Event "World Blitz"]
[Site "Moscow RUS"]
[Date "2009.11.16"]
[Round "5"]
[White "Morozevich,A"]
[Black "Naiditsch,A"]
[Result "0-1"]
[WhiteElo "2750"]
[BlackElo "2689"]

1.g3 Nf6 2.Bg2 d5 3.d3 Bf5 4.c4 e6 5.Qb3 Na6 6.cxd5 exd5 7.Nf3 Nc5 8.Qc2 c6
9.O-O Be7 10.Be3 Ne6 11.Nh4 Bg6 12.Qb3 Qd7 13.Bh3 O-O 14.Nd2 Bh5 15.Rae1 Bg4
16.Bxg4 Nxg4 17.Nf5 d4 18.Bf4 Nxf4 19.Nxe7+ Qxe7 20.gxf4 Qf6 21.Nf3 Qxf4
22.Qxb7 Rae8 23.Qxa7 Nxh2 24.Qd7 Re6  0-1

[Event "World Blitz"]
[Site "Moscow RUS"]
[Date "2009.11.16"]
[Round "8"]
[White "Polgar,Ju"]
[Black "Morozevich,A"]
[Result "0-1"]
[WhiteElo "2680"]
[BlackElo "2750"]

1.e4 e6 2.d4 d5 3.Nc3 Nf6 4.Bg5 dxe4 5.Nxe4 Be7 6.Bxf6 gxf6 7.Nf3 f5 8.Nc3 a6
9.g3 b5 10.Bg2 Bb7 11.O-O Bf6 12.Re1 O-O 13.Qd2 c5 14.Rad1 cxd4 15.Nxd4 Bxg2
16.Kxg2 Qb6 17.Nce2 Nc6 18.c3 Rfd8 19.Qh6 Bg7 20.Qh4 Ne5 21.b3 Qb7+ 22.f3 Rd7
23.Ng1 Rc8 24.Nde2 h6 25.Qf4 Rcd8 26.Rxd7 Rxd7 27.Qe3 Rd3 28.Qf2 Rd2 29.Qe3 Qd5
30.Kh3 Nd3 31.c4 Qd7 32.Rf1 e5 33.f4 e4 34.c5 Rxa2 35.Kg2 Rc2 36.Rd1 Nxf4+
37.Qxf4 Qxd1 38.Qxf5 Rxe2+ 39.Nxe2 Qxe2+ 40.Kh3 Qf3 41.Qc8+ Kh7 42.c6 e3
43.c7 e2 44.Qe8 Qf1+ 45.Kg4 e1=B 46.Qxe1 Qxe1 47.c8=Q Qe6+  0-1

[Event "World Blitz"]
[Site "Moscow RUS"]
[Date "2009.11.16"]
[Round "9"]
[White "Morozevich,A"]
[Black "Aronian,L"]
[Result "1-0"]
[WhiteElo "2750"]
[BlackElo "2786"]

1.e4 e5 2.Bc4 Nf6 3.d3 Nc6 4.a3 Bc5 5.Nc3 d6 6.Na4 Bb6 7.Nxb6 axb6 8.Ne2 Be6
9.Nc3 Bxc4 10.dxc4 h6 11.Be3 Ne7 12.f3 Nd7 13.Qd2 f5 14.O-O-O Nf6 15.exf5 Nxf5
16.Bf2 Qd7 17.Rhe1 Qc6 18.Qd3 Ne7 19.Kb1 O-O-O 20.Nb5 Kb8 21.a4 Rhe8 22.Qc3 Nc8
23.b3 Nd7 24.Kb2 Nc5 25.a5 bxa5 26.Qxa5 Na6 27.Nc3 g5 28.Nd5 Ne7 29.Ra1 Kc8
30.Nc3 Rf8 31.Be3 Nf5 32.Nd5 Kd7 33.Qd2 Nxe3 34.Rxe3 Nc5 35.Nb4 Qb6 36.Rxe5 Ne6
37.Rb5 Qd4+ 38.Qxd4 Nxd4 39.Rxb7 Rb8 40.Rxb8 Rxb8 41.Nd5 Rf8 42.Re1 Ne6 43.Kc3 g4
44.fxg4 Rf2 45.Re3 c6 46.Nb4 c5 47.Nd5 Nd4 48.Rh3 Rxc2+ 49.Kd3 Rxg2 50.b4  1-0

[Event "World Blitz"]
[Site "Moscow RUS"]
[Date "2009.11.16"]
[Round "10"]
[White "Jakovenko,D"]
[Black "Morozevich,A"]
[Result "1-0"]
[WhiteElo "2736"]
[BlackElo "2750"]

1.e4 c5 2.Nf3 d6 3.d4 cxd4 4.Nxd4 Nf6 5.Nc3 a6 6.Be2 e6 7.a4 Qc7 8.a5 Nc6
9.Nb3 Be7 10.Be3 O-O 11.O-O Bd7 12.Bb6 Qb8 13.Qd2 Rc8 14.f4 Be8 15.f5 e5
16.Bf3 h6 17.Be3 Qc7 18.Na4 Rab8 19.Nb6 Rd8 20.c4 Bf8 21.Nd5 Nxd5 22.cxd5 Ne7
23.Bb6 Qd7 24.Bxd8 Qxd8 25.Rfc1 g6 26.fxg6 Nxg6 27.Bg4 Be7 28.Qxh6 Bg5 29.Qh3 Nf4
30.Qf3 Bb5 31.Rc2 b6 32.g3 Ng6 33.Rf2 Nh8 34.h4 Bh6 35.Kg2 Bc4 36.Nd2 Bb5
37.Nf1 bxa5 38.Ne3 a4 39.Nf5 Bf8 40.Rc1 Bd7 41.Bh5 Rb3 42.Qg4+ Kh7 43.Rcf1 f6
44.Bg6+ Kg8 45.Be8+ Kh7 46.Qh5+ Kg8 47.Bf7+ Nxf7 48.Qg6+ Kh8 49.Qxf7 Rb7
50.Qh5+ Kg8 51.Nh6+  1-0

[Event "World Blitz"]
[Site "Moscow RUS"]
[Date "2009.11.16"]
[Round "14"]
[White "Gashimov,V"]
[Black "Morozevich,A"]
[Result "1/2-1/2"]
[WhiteElo "2758"]
[BlackElo "2750"]

1.e4 e6 2.d4 d5 3.Nc3 Nf6 4.Bg5 dxe4 5.Nxe4 Be7 6.Bxf6 gxf6 7.Nf3 f5 8.Nc3 a6
9.Qe2 b5 10.O-O-O b4 11.Na4 Qd5 12.Kb1 Nd7 13.Qe3 Bb7 14.b3 Nf6 15.Bc4 Qe4
16.Qd2 Nd5 17.Rhe1 Qg4 18.Ne5 Qxg2 19.Rg1 Qh3 20.Rg3 Qh4 21.Nc5 Bxc5 22.Bxd5 Bxd5
23.dxc5 c6 24.f4 a5 25.Rdg1 Rf8 26.Rg8 Qe7 27.Rxf8+ Qxf8 28.Qe3 O-O-O 29.Nd3 Be4
30.Ne5 Rd5 31.Nc4 Qxc5 32.Qxc5 Rxc5 33.Rg7 Kd8 34.Rxf7 Rd5 35.Kc1 a4 36.bxa4 Rc5
37.Ne3 Rc3 38.Kd2 Ra3 39.Rxh7 Rxa2 40.Rb7 c5 41.Rb5 Kd7 42.Rxc5 b3 43.Rb5 bxc2
44.Rc5 Kd6 45.Rc3 Rxa4 46.h4 Rd4+ 47.Kc1 Bd5 48.h5 Rxf4 49.Nxd5 Kxd5 50.Rh3 Rc4
51.h6 Rc8 52.h7 Rh8 53.Kxc2 Ke5 54.Rh6 f4 55.Kd3 Kf5 56.Rh5+ Kg6 57.Rh4 e5
58.Ke4 Rxh7 59.Rg4+ Kf6 60.Rg1 Ra7 61.Rb1 Ra4+ 62.Kf3 Kf5 63.Rb5 Ra3+ 64.Kf2 Rd3
65.Ke2 Re3+ 66.Kf2 Kg4 67.Ra5 e4 68.Ra4 Rf3+ 69.Ke2 Re3+ 70.Kf2 Kf5 71.Ra5+ Ke6
72.Ra6+ Kd5 73.Ra5+ Kc4 74.Ra4+ Kb3 75.Rd4 Kc3 76.Ra4 Kb3 77.Rd4 Kb2 78.Rb4+ Ka3
79.Rc4 Kb3 80.Rd4 Kc3 81.Ra4 Kd3 82.Ra3+ Kd4 83.Rxe3 fxe3+ 84.Ke2  1/2-1/2

[Event "World Blitz"]
[Site "Moscow RUS"]
[Date "2009.11.17"]
[Round "15"]
[White "Morozevich,A"]
[Black "Kosteniuk,A"]
[Result "0-1"]
[WhiteElo "2750"]
[BlackElo "2517"]

1.e4 c5 2.Nf3 d6 3.c3 Nf6 4.Be2 Bd7 5.d3 Bc6 6.O-O g6 7.Re1 Bg7 8.Bf1 O-O
9.Nbd2 e5 10.a4 Nbd7 11.Nc4 Qc7 12.Bg5 Rfe8 13.b4 b6 14.Qb3 d5 15.exd5 Nxd5
16.b5 Bb7 17.Bh4 Nf4 18.Ng5 Bd5 19.Bg3 h6 20.Ne4 f5 21.Ned2 Kh7 22.Qd1 Rad8
23.a5 Bb7 24.axb6 axb6 25.Ra7 Nd5 26.Qb3 f4 27.Bh4 g5 28.Rxb7 Qxb7 29.Nd6 Qa8
30.Nxe8 Rxe8 31.Be2 N7f6 32.Bf3 Qd8 33.h3 gxh4 34.Nc4 Qc7 35.Nd2 Qd7 36.Nc4 Qc7
37.Nd2 Ne7 38.Nc4 Ng6 39.Qc2 Re7 40.Ra1 Qd7 41.Qb1 Qe6 42.Ra6 e4 43.Rxb6 Qd5
44.Rd6 Qf5 45.dxe4 Nxe4 46.Rc6 Ng3 47.Qxf5 Re1+ 48.Kh2 Rh1+  0-1

[Event "World Blitz"]
[Site "Moscow RUS"]
[Date "2009.11.17"]
[Round "18"]
[White "Morozevich,A"]
[Black "Svidler,P"]
[Result "0-1"]
[WhiteElo "2750"]
[BlackElo "2754"]

1.e4 c5 2.Nf3 d6 3.d4 cxd4 4.Nxd4 Nf6 5.Nc3 Bd7 6.f3 e5 7.Nb3 Bc6 8.Be3 a5
9.a4 Na6 10.Bb5 Be7 11.Qe2 O-O 12.O-O Nb4 13.Rfd1 Qc7 14.Qf2 d5 15.Bb6 Qc8
16.Nxa5 Rxa5 17.exd5 Rxb5 18.axb5 Bxd5 19.Rd2 Be6 20.Rad1 Qc4 21.Kh1 Nbd5
22.Nxd5 Nxd5 23.Ba7 Qxb5 24.b3 Nc3 25.Re1 f6 26.h3 Qc6 27.Rd3 Bf5 28.Rd2 Bb4
29.Ra1 h6 30.Qh4 e4 31.Rf2 Bd6 32.Bd4 exf3 33.Rxf3 Ne2 34.Bf2 Be4  0-1

[Event "World Blitz"]
[Site "Moscow RUS"]
[Date "2009.11.17"]
[Round "20"]
[White "Morozevich,A"]
[Black "Grischuk,A"]
[Result "1-0"]
[WhiteElo "2750"]
[BlackElo "2736"]

1.d4 Nf6 2.c4 e6 3.Nc3 Bb4 4.Qc2 O-O 5.a3 Bxc3+ 6.Qxc3 d5 7.Bg5 c5 8.dxc5 d4
9.Qg3 Nc6 10.O-O-O e5 11.Nf3 Re8 12.e3 b6 13.exd4 exd4 14.Bd3 bxc5 15.Rhe1 Be6
16.Qh4 h6 17.Bxh6 gxh6 18.Qxh6 Rb8 19.Ng5 Qb6 20.Re2 Ne5 21.Bh7+ Nxh7 22.Qxh7+ Kf8
23.Qh8+ Ke7 24.Qxe5 Kd7 25.Ne4 Rec8 26.b4 Qa6 27.Nxc5+ Rxc5 28.Rxd4+ Kc6
29.Qxc5+  1-0

[Event "World Blitz"]
[Site "Moscow RUS"]
[Date "2009.11.17"]
[Round "21"]
[White "Mamedyarov,S"]
[Black "Morozevich,A"]
[Result "0-1"]
[WhiteElo "2719"]
[BlackElo "2750"]

1.d4 Nf6 2.c4 e6 3.Nf3 d5 4.Nc3 dxc4 5.e4 Bb4 6.Bxc4 Nxe4 7.O-O Nxc3 8.bxc3 Bd6
9.Ng5 h6 10.Ne4 O-O 11.Qh5 Nd7 12.Bxh6 gxh6 13.Qxh6 Re8 14.Rae1 Bf8 15.Qh3 Nf6
16.Ng5 Bg7 17.f4 b5 18.Bxb5 Re7 19.Bc4 Qd6 20.Re5 Ba6 21.Bxa6 Qxa6 22.f5 Rae8
23.fxe6 fxe6 24.Re3 e5 25.d5 e4 26.Rf2 Qb6 27.c4 Re5 28.Ne6 R8xe6 29.dxe6 Qxe6
30.Qh4 Ng4 31.Qd8+ Qe8 32.Qxe8+ Rxe8  0-1

[Event "World Blitz"]
[Site "Moscow RUS"]
[Date "2009.11.17"]
[Round "22"]
[White "Tkachiev,V"]
[Black "Morozevich,A"]
[Result "1-0"]
[WhiteElo "2642"]
[BlackElo "2750"]

1.e4 c5 2.c3 Nf6 3.e5 Nd5 4.Nf3 Nc6 5.Bc4 Nb6 6.Bb3 c4 7.Bc2 Qc7 8.Qe2 g5
9.Na3 Bg7 10.Nb5 Qb8 11.Nxg5 Nxe5 12.O-O h6 13.Ne4 d5 14.Ng3 Bg4 15.f3 Bd7
16.Nh5 Bf8 17.a4 Bxb5 18.axb5 Ned7 19.f4 Qd6 20.d4 cxd3 21.Bxd3 Nc5 22.Bc2 e6
23.Be3 Ncd7 24.Bd4 Rg8 25.Bh7 Rg6 26.Bxg6 fxg6 27.Nf6+ Nxf6 28.Bxf6 Nd7 29.Bd4 h5
30.Rf3 Kf7 31.Re1 Be7 32.Qd3 Nf8 33.Ra1 a5 34.bxa6 bxa6 35.b4 Qc6 36.Rf2 Bd6
37.Rfa2 Qc7 38.g3 h4 39.Rxa6 Rxa6 40.Rxa6 Ke8  1-0

[Event "World Blitz"]
[Site "Moscow RUS"]
[Date "2009.11.17"]
[Round "23"]
[White "Morozevich,A"]
[Black "Dominguez Perez,L"]
[Result "1-0"]
[WhiteElo "2750"]
[BlackElo "2719"]

1.d4 d5 2.c4 dxc4 3.e4 e5 4.Nf3 exd4 5.Bxc4 Bb4+ 6.Bd2 Bxd2+ 7.Nbxd2 Qf6
8.O-O Ne7 9.Nb3 Nbc6 10.Nfxd4 O-O 11.Nb5 Ne5 12.Be2 c6 13.Nc3 N7g6 14.Qc1 Nf4
15.Qe3 b6 16.Rfd1 Be6 17.Nd4 Rad8 18.Bf1 Ng4 19.Qg3 Nh5 20.e5 Nxe5 21.Ne4 Nxg3
22.Nxf6+ gxf6 23.hxg3 Rd5 24.Nxe6 fxe6 25.f4 Nf7 26.Bc4 Rxd1+ 27.Rxd1 Rd8
28.Re1 Kf8 29.Rxe6 Rd6 30.Re2 b5 31.Bb3 c5 32.Kf2 c4 33.Bc2 h6 34.Kf3 Nd8
35.Bg6 Ne6 36.Kg4 Ng7 37.Bc2 Re6 38.Rd2 Ke7 39.Kf3 Rd6 40.Rxd6 Kxd6 41.g4 Ne6
42.Ke4 a5 43.g3 b4 44.Bd1 Nc5+ 45.Kf5 Ke7 46.Kg6 Nd3 47.b3 c3 48.Kxh6 Ne1
49.g5 fxg5 50.fxg5 c2 51.Bxc2 Nxc2 52.g6 Ne3 53.g7 Ng4+ 54.Kg6 Nf6 55.g4 Ng8
56.g5 Ke8 57.Kh7  1-0

[Event "World Blitz"]
[Site "Moscow RUS"]
[Date "2009.11.17"]
[Round "24"]
[White "Karjakin,Sergey"]
[Black "Morozevich,A"]
[Result "1-0"]
[WhiteElo "2723"]
[BlackElo "2750"]

1.e4 c5 2.Nf3 d6 3.d4 cxd4 4.Nxd4 Nf6 5.Nc3 a6 6.Be3 e5 7.Nb3 Be7 8.Qd2 O-O
9.O-O-O a5 10.Bb5 Na6 11.f4 Ng4 12.Kb1 Nxe3 13.Qxe3 exf4 14.Qxf4 Nc7 15.e5 d5
16.Nd4 Bc5 17.Bd3 Ne6 18.Nxe6 fxe6 19.Qg4 Be3 20.Ne4 Kh8 21.Qh3 Bh6 22.Nf6 a4
23.g4 gxf6 24.Qxh6 Rf7 25.Rhf1 Qf8 26.Qh5 Re7  1-0

[Event "World Blitz"]
[Site "Moscow RUS"]
[Date "2009.11.17"]
[Round "26"]
[White "Naiditsch,A"]
[Black "Morozevich,A"]
[Result "1-0"]
[WhiteElo "2689"]
[BlackElo "2750"]

1.e4 e6 2.d4 d5 3.Nc3 Nf6 4.Bg5 dxe4 5.Nxe4 Be7 6.Bxf6 gxf6 7.Nf3 f5 8.Nc3 a6
9.Qe2 b5 10.O-O-O b4 11.Na4 Qd5 12.b3 Nd7 13.Ne5 Bb7 14.Nxd7 Qxd7 15.Nc5 Bxc5
16.dxc5 Qe7 17.Qc4 a5 18.Qb5+ c6 19.Qc4 Qf6 20.Kb1 O-O 21.Rd6 Rfd8 22.Qf4 Rxd6
23.cxd6 e5 24.Qg3+ Kf8 25.Bc4 Rd8 26.Re1 f4 27.Qh3 Rxd6 28.Qxh7 c5 29.f3 Bc8
30.Qh5 Bf5 31.g4 fxg3 32.hxg3 Rd2 33.Rc1 Rf2 34.g4 Bg6 35.Qh6+ Ke7 36.Qe3 Rxf3
37.Qxc5+ Qd6 38.Qxa5 Kf6 39.Qa7 Kg5 40.Qg1 e4 41.Rd1 Qf4 42.Rd5+ Kh6 43.Qd4 e3  1-0

[Event "World Blitz"]
[Site "Moscow RUS"]
[Date "2009.11.18"]
[Round "29"]
[White "Morozevich,A"]
[Black "Polgar,Ju"]
[Result "1-0"]
[WhiteElo "2750"]
[BlackElo "2680"]

1.d4 Nf6 2.c4 g6 3.Nc3 Bg7 4.e4 d6 5.h3 O-O 6.Bg5 Na6 7.Nf3 c5 8.d5 e6 9.Be2 exd5
10.cxd5 Re8 11.Nd2 h6 12.Bf4 Nc7 13.a4 b6 14.O-O Ba6 15.Bxa6 Nxa6 16.Re1 Nh5
17.Bh2 Be5 18.Bxe5 Rxe5 19.Nc4 Re7 20.Nb5 Rd7 21.Qd2 Qf8 22.e5 dxe5 23.Nxe5 Rdd8
24.Nc6 Rd7 25.d6 Nf6 26.Qf4 Nd5 27.Qe5 Nab4 28.Ne7+ Nxe7 29.dxe7 Qe8 30.Nc7 Rxc7
31.Qxc7 Nc2 32.Rad1 Nd4 33.b4 Kg7 34.bxc5 bxc5 35.Qxc5 Ne6 36.Qe5+ Kh7 37.Qf6 Rc8
38.Rxe6 fxe6 39.Rd8  1-0

[Event "World Blitz"]
[Site "Moscow RUS"]
[Date "2009.11.18"]
[Round "30"]
[White "Aronian,L"]
[Black "Morozevich,A"]
[Result "1-0"]
[WhiteElo "2786"]
[BlackElo "2750"]

1.d4 Nf6 2.c4 e6 3.Nf3 d5 4.Nc3 dxc4 5.e4 Bb4 6.Bg5 c5 7.Bxc4 h6 8.Bxf6 Qxf6
9.e5 Qd8 10.d5 exd5 11.Bxd5 Bxc3+ 12.bxc3 O-O 13.O-O Qc7 14.Qb3 Nc6 15.Rfe1 Bg4
16.e6 Bxe6 17.Bxe6 fxe6 18.Rxe6 Qf7 19.Rae1 Kh8 20.Qb5 Rad8 21.Qxc5 Rd3 22.h3 Kg8
23.R6e2 Qd5 24.Qxd5+ Rxd5 25.Re3 Ra5 26.R1e2 Rd8 27.Nh4 Rd1+ 28.Kh2 Ra1 29.Rf3 Re5
30.Rd2 Re8 31.Ng6 Kh7 32.Rg3 Rae1 33.Rd7 Rg8 34.Nf8+ Kh8 35.Ng6+ Kh7 36.Rxb7 Re2
37.Rc7 Nd8 38.Nf8+ Kh8 39.Ng6+ Kh7 40.Ne7 Ne6 41.Rxa7 Rf8 42.Nc6 Rfxf2 43.Nd4 Nxd4
44.Raxg7+  1-0

[Event "World Blitz"]
[Site "Moscow RUS"]
[Date "2009.11.18"]
[Round "31"]
[White "Morozevich,A"]
[Black "Jakovenko,D"]
[Result "1-0"]
[WhiteElo "2750"]
[BlackElo "2736"]

1.d4 d5 2.c4 e6 3.Nc3 Be7 4.cxd5 exd5 5.Bf4 c6 6.e3 Bd6 7.Bg3 Ne7 8.Bd3 Bf5
9.Bxf5 Nxf5 10.Qd3 Qf6 11.Nf3 Nd7 12.O-O-O O-O-O 13.e4 Bxg3 14.hxg3 dxe4
15.Nxe4 Qe6 16.Kb1 h6 17.Rhe1 Nd6 18.d5 cxd5 19.Qc3+ Nc4 20.Ned2 Qg6+ 21.Ka1 Qf6
22.Nxc4 Qxc3 23.Nd6+  1-0

[Event "World Blitz"]
[Site "Moscow RUS"]
[Date "2009.11.18"]
[Round "33"]
[White "Morozevich,A"]
[Black "Ivanchuk,V"]
[Result "1-0"]
[WhiteElo "2750"]
[BlackElo "2739"]

1.d4 f5 2.Bf4 Nf6 3.e3 g6 4.h4 h6 5.c4 d6 6.Nc3 Bg7 7.Nf3 Nbd7 8.Qc2 c5 9.d5 a6
10.h5 g5 11.Bg3 Qa5 12.Bd3 b5 13.Bxf5 bxc4 14.Nd2 Nb6 15.Bxc8 Rxc8 16.Qg6+ Kf8
17.e4 Nfd7 18.O-O Bxc3 19.bxc3 Qxc3 20.e5 Nxe5 21.Bxe5 Qxe5 22.f4 Qd4+ 23.Kh1 g4
24.f5 Qxd2 25.f6 Qg5 26.fxe7+ Kxe7 27.Rf7+  1-0